AC/DC Biggest Hits - Statistics

General Stats
  • This quiz has been taken 43 times
  • The average score is 18 of 49
Answer Stats
Released Song % Correct
1990 Thunderstruck
82%
1980 Back in Black
77%
1979 Highway to Hell
74%
1975 T.N.T.
72%
1976 Dirty Deeds Done Dirt Cheap
69%
1980 Hells Bells
64%
1975 It's a Long Way to the Top (If You Wanna Rock n Roll)
64%
1980 Shoot to Thrill
62%
1977 Whole Lotta Rosie
59%
1980 You Shook Me All Night Long
59%
1975 High Voltage
56%
1981 For Those About to Rock (We Salute You)
54%
1976 Jailbreak
49%
1977 Let There Be Rock
49%
1990 Moneytalks
49%
2008 Rock n Roll Train
46%
1986 Who Made Who
44%
1980 Have a Drink on Me
38%
1979 If You Want Blood (You've Got It)
38%
1980 Rock and Roll Ain't Noise Pollution
36%
1999 Stiff Upper Lip
36%
1979 Girls Got Rhythm
33%
1978 Riff Raff
33%
2020 Shot in the Dark
33%
1979 Touch Too Much
33%
1990 Are You Ready
31%
1976 Ride On
31%
2014 Rock or Bust
31%
1979 Shot Down in Flames
31%
1980 Givin the Dog a Bone
28%
1988 Heatseeker
26%
1976 Problem Child
26%
1979 Walk All Over You
26%
1980 What Do You Do for Money Honey
26%
1995 Hard as a Rock
23%
1977 Hell Ain't a Bad Place to Be
23%
1975 Live Wire
23%
2000 Safe in New York City
23%
2008 War Machine
23%
1975 Baby Please Don't Go
21%
2020 Demon Fire
21%
1979 Night Prowler
21%
1978 Rock n Roll Damnation
21%
1978 Sin City
18%
1975 Soul Stripper
15%
1995 Cover You in Oil
13%
1978 Gone Shootin'
13%
2014 Play Ball
13%
1977 Overdose
10%
No matching quizzes found
Score Distribution
Percent of People with Each Score
Percentile by Number Answered
Your Score History
You have not taken this quiz